| 000 | 01353nam a22002177a 4500 | ||
|---|---|---|---|
| 005 | 20220215104658.0 | ||
| 008 | 220214b ||||| |||| 00| 0 eng d | ||
| 020 | _a9780071318662 | ||
| 040 | _cAL | ||
| 041 | _aeng | ||
| 082 |
_223 _a150 _bFELE |
||
| 100 |
_aRobert S Feldman _919694 |
||
| 245 | _aEssentials of understanding psychology | ||
| 250 | _a10th ed. | ||
| 260 |
_aNew York _bMcGraw Hill _c2013 |
||
| 300 |
_axlix,567,G10,R50,C4,I22p. _bPB _c27.4x23cm. |
||
| 365 |
_2General _aABDI/0546/22 _b₹2246.25 _c₹ _d₹2995.00 _e25% _f07-02-2022 |
||
| 520 | _aYour students are individuals. Do your teaching materials treat them that way? Feldmans "Essentials of Understanding Psychology" does. From an adaptive diagnostic tool that provides a GPS for learning to a reader-friendly modular organization, Feldman ensures that every student gains a better understanding of psychology. Its new groundbreaking adaptive diagnostic tool generates a personalized study plan to help students "know what they know" while guiding them to understand and learn what they dont know through engaging interactivities, exercises, and readings. The thoroughly revised Ninth Edition continues with Bob Feldmans accessible pedagogy, hallmark research, and focus on diversity in a flexible modules-within-chapters format. | ||
| 650 | _2Psychology | ||
| 942 |
_2ddc _cBK |
||
| 999 |
_c221501 _d221501 |
||